000
00312nam a2200121Ia 4500
005
20251222155113.0
008
251222s9999||||xx |||||||||||||| ||spa||
082
_a
ADM. 20
100
_a
Col. Enfer. Perú
245
0
_a
Estatutos y Reglam.Colegio Enfermeros Perú
264
_b
Colegio de Enf.Perú
942
_c
LIB
999
_c
38116
_d
38116